000 00865nam a2200229 i 4500
001 168518
003 ES-MaACL
005 20250819000705.0
008 080416s1968 sp |||| | spa d
080 _a221.017
100 1 _aMcKenzie, John L.
_9137601
245 1 3 _aEspíritu y mundo del Antiguo Testamento /
_cJohn L. MacKenzie ; [Versión de la sexta edición inglesa por Alfredo Oltra Mas].
260 _aEstella :
_bVerbo Divino,
_c[1968]
300 _a448 p. ;
_c19 cm.
490 1 _aColección "Biblia y Kerygma". Temas de Pastoral Bíblica ;
_v2
630 0 4 _aBiblia.
_pA. T.-
_xCrítica e interpretación
_9119250
700 1 _aOltra, Alfredo M.
_987020
830 0 _aColección "Biblia y Kerygma". Temas de Pastoral Bíblica ;
_v2
_9183845
852 _aES-MaACL
_jE-6148
_9R.90246
852 _aES-MaACL
_jP-565-Bis-2
999 _c168518
_d168518